ბათუმის შოთა რუსთაველის სახელმწიფო უნივერსიტეტის ბიბლიოთეკა

ჩანაწერი Corporate Name

ჩანაწერთა რაოდენობა, რომელიც გამოყენებულია: 1

001 - CONTROL NUMBER

  • control field: 9433

003 - CONTROL NUMBER IDENTIFIER

  • control field: GE_BSU

005 - DATE AND TIME OF LATEST TRANSACTION

  • control field: 20200908002432.0

008 - FIXED-LENGTH DATA ELEMENTS

  • fixed length control field: 200908|| aca||aabn | a|a d

040 ## - CATALOGING SOURCE

  • Original cataloging agency: GE_BSU
  • Transcribing agency: GE_BSU

110 ## - HEADING--CORPORATE NAME

  • Corporate name or jurisdiction name as entry element: საქართველოს სსრ განათლების სამინისტროს პედაგოგიურ მეცნიერებათა სამეცნიერო-საკვლევი ინსტიტუტი

670 ## - SOURCE DATA FOUND

  • Source citation: Work cat.: (GE_BSU)53281: კეკელიძე, პროკოლე 9431, ქართული ენისა და ლიტერატურის სწავლების საკითხები საშუალო სკოლაში ენის შესახებ ი.ბ.სტალინის მოძღვრების შუქზე /